[Event "Oberliga NRW 1920"]
[Site "Germany"]
[Date "2019.11.10"]
[Round "3.2"]
[White "Savchenko, Viacheslav"]
[Black "Holtel, Jasper"]
[Result "1-0"]
[WhiteElo "2345"]
[BlackElo "2271"]
[PlyCount "113"]
[EventDate "2019.09.15"]
[EventType "team-tourn"]
[EventRounds "9"]
[EventCountry "GER"]
[SourceTitle "CBM 195 Extra"]
[Source "ChessBase"]
[SourceDate "2020.05.31"]
[SourceVersion "1"]
[SourceVersionDate "2020.05.31"]
[SourceQuality "1"]
[WhiteTeam "Wuppertal Bahn"]
[BlackTeam "Muenster"]
[WhiteTeamCountry "GER"]
[BlackTeamCountry "GER"]

1. e4 c5 2. Nf3 d6 3. Bb5+ Nd7 4. 0-0 a6 5. Bd3 Ngf6 6. c3 b5 7. Re1 Bb7 8. Bc2 e6 9. a4 Be7 10. Na3 0-0 11. d3 b4 12. Nc4 d5 13. exd5 Nxd5 14. cxb4 Nxb4 15. Bb1 Nf6 16. Bf4 Rc8 17. a5 Nfd5 18. Bg3 Qd7 19. d4 Rfd8 20. Nce5 Qe8 21. Qe2 cxd4 22. Nxd4 Nf4 23. Bxf4 Rxd4 24. Be3 Rd5 25. Nf3 Bd8 26. Nd4 g6 27. Be4 Rd7 28. Bxb7 Rxb7 29. h3 Rd7 30. Red1 Rd5 31. Nb3 Qb5 32. Qxb5 Rxb5 33. Rac1 Ra8 34. Rc5 Rb7 35. Bd4 Be7 36. Rc4 Rd8 37. Rd2 Nd5 38. Nc5 Bxc5 39. Rxc5 Rbb8 40. Be5 Rbc8 41. Rdc2 Rxc5 42. Rxc5 Kf8 43. Rc6 Ra8 44. g4 Ke7 45. g5 Kd7 46. Rd6+ Ke7 47. Rb6 Kd8 48. Rb7 Ke8 49. b4 Rd8 50. b5 Nb4 51. Bf6 Rc8 52. Re7+ Kf8 53. b6 Nc6 54. b7 Re8 55. Rxe8+ Kxe8 56. Be5 Nxe5 57. b8Q+ 1-0

[Event "Oberliga NRW 1920"]
[Site "Germany"]
[Date "2019.10.13"]
[Round "2.2"]
[White "Welzel, Philipp"]
[Black "Savchenko, Viacheslav"]
[Result "0-1"]
[WhiteElo "2252"]
[BlackElo "2345"]
[PlyCount "80"]
[EventDate "2019.09.15"]
[EventType "team-tourn"]
[EventRounds "9"]
[EventCountry "GER"]
[SourceTitle "CBM 195 Extra"]
[Source "ChessBase"]
[SourceDate "2020.05.31"]
[SourceVersion "1"]
[SourceVersionDate "2020.05.31"]
[SourceQuality "1"]
[WhiteTeam "Dinslaken"]
[BlackTeam "Wuppertal Bahn"]
[WhiteTeamCountry "GER"]
[BlackTeamCountry "GER"]

1. d4 d5 2. Nf3 Nf6 3. g3 e6 4. Bg2 Be7 5. 0-0 0-0 6. c4 c6 7. Qc2 b6 8. Nbd2 Bb7 9. e4 Nbd7 10. e5 Ne8 11. cxd5 cxd5 12. Re1 Rc8 13. Qa4 Qc7 14. Nb1 Qc6 15. Qd1 b5 16. Bf1 b4 17. a3 bxa3 18. Nxa3 Ba6 19. Bd3 Nc7 20. Bb1 Qb6 21. Qa4 Nb8 22. Bd2 Nc6 23. Qc2 g6 24. Bc3 Na5 25. Nd2 Rb8 26. Qa4 Nc6 27. Rc1 f6 28. exf6 Bxf6 29. Nc2 Rf7 30. Nf1 e5 31. Rd1 Bb5 32. Qa3 exd4 33. Ba5 Nxa5 34. Qxa5 Qxa5 35. Rxa5 Be2 36. Rd2 d3 37. Nce3 Bxb2 38. Rxa7 Bd4 39. Rxc7 Bxe3 40. Rxf7 Rxb1 0-1

[Event "Oberliga NRW 1819"]
[Site "Germany"]
[Date "2019.01.13"]
[Round "5.1"]
[White "Webb, Laurence"]
[Black "Savchenko, Viacheslav"]
[Result "1-0"]
[WhiteElo "2332"]
[BlackElo "2403"]
[PlyCount "139"]
[EventDate "2018.09.16"]
[EventType "team-tourn"]
[EventRounds "9"]
[EventCountry "GER"]
[SourceTitle "EXT 2020"]
[Source "ChessBase"]
[SourceDate "2019.10.17"]
[SourceVersion "1"]
[SourceVersionDate "2019.10.17"]
[SourceQuality "1"]
[WhiteTeam "Muenster"]
[BlackTeam "Wuppertal Bahn"]
[WhiteTeamCountry "GER"]
[BlackTeamCountry "GER"]

1. d4 Nf6 2. c4 e6 3. Nc3 Bb4 4. Qc2 c5 5. dxc5 Nc6 6. Nf3 Bxc5 7. Bg5 a6 8. e3 Qa5 9. Bxf6 gxf6 10. Be2 f5 11. 0-0 Be7 12. a3 Ne5 13. b4 Nxf3+ 14. Bxf3 Qe5 15. c5 0-0 16. Na4 d5 17. cxd6 Bxd6 18. g3 Rb8 19. Nb6 Qb5 20. Nc4 Be7 21. Rfd1 b6 22. Rac1 Bb7 23. Bxb7 Rxb7 24. Nd6 Bxd6 25. Rxd6 Qe5 26. Qd2 a5 27. Qd4 Qxd4 28. exd4 axb4 29. axb4 Ra8 30. d5 exd5 31. Rxd5 f4 32. Kg2 fxg3 33. hxg3 b5 34. Rg5+ Kf8 35. Rcc5 Ra4 36. Rg4 Ra6 37. Rc8+ Ke7 38. Rh8 h6 39. Re4+ Kd7 40. Rh4 Rbb6 41. Rf4 Rf6 42. Rxf6 Rxf6 43. f4 Rd6 44. Rf8 Rd2+ 45. Kh3 Ke7 46. Rb8 Rd5 47. Rb7+ Kf6 48. Rb6+ Kg7 49. Kg4 h5+ 50. Kf3 Rd3+ 51. Kf2 h4 52. gxh4 Rd4 53. Rxb5 Rxf4+ 54. Kg3 Rc4 55. Rg5+ Kf6 56. b5 Rb4 57. Rc5 Rb3+ 58. Kf2 Rb4 59. h5 Re4 60. Kf3 Re1 61. Kf4 Kg7 62. Rc6 Rb1 63. h6+ Kh7 64. b6 Rf1+ 65. Ke5 Rd1 66. Rd6 Rb1 67. Kd5 f5 68. Kc6 f4 69. Rf6 Rb4 70. Kc7 1-0

[Event "Oberliga NRW 1819"]
[Site "Germany"]
[Date "2018.12.09"]
[Round "4.1"]
[White "Savchenko, Viacheslav"]
[Black "Lutz, Christopher"]
[Result "1/2-1/2"]
[WhiteElo "2403"]
[BlackElo "2537"]
[PlyCount "32"]
[EventDate "2018.09.16"]
[EventType "team-tourn"]
[EventRounds "9"]
[EventCountry "GER"]
[SourceTitle "EXT 2020"]
[Source "ChessBase"]
[SourceDate "2019.10.17"]
[SourceVersion "1"]
[SourceVersionDate "2019.10.17"]
[SourceQuality "1"]
[WhiteTeam "Wuppertal Bahn"]
[BlackTeam "Koeln Porz"]
[WhiteTeamCountry "GER"]
[BlackTeamCountry "GER"]

1. e4 c5 2. Nf3 d6 3. d4 cxd4 4. Nxd4 Nf6 5. Nc3 a6 6. Be2 e5 7. Nb3 Be7 8. f4 b5 9. 0-0 Bb7 10. Bf3 Nbd7 11. Qe1 Rc8 12. a3 a5 13. Kh1 a4 14. Nd2 Qb6 15. Ndb1 Bc6 16. Na2 Qb7 1/2-1/2

[Event "Oberliga NRW 1617"]
[Site "Germany"]
[Date "2017.05.21"]
[Round "9.1"]
[White "Scheider, Julian"]
[Black "Savchenko, Viacheslav"]
[Result "1/2-1/2"]
[WhiteElo "2345"]
[BlackElo "2407"]
[PlyCount "150"]
[EventDate "2016.09.25"]
[EventType "team-tourn"]
[EventRounds "9"]
[EventCountry "GER"]
[SourceTitle "EXT 2020"]
[Source "ChessBase"]
[SourceDate "2019.10.17"]
[SourceVersion "1"]
[SourceVersionDate "2019.10.17"]
[SourceQuality "1"]
[WhiteTeam "Iserlohn Koenigsspringer"]
[BlackTeam "Wuppertal Bahn"]
[WhiteTeamCountry "GER"]
[BlackTeamCountry "GER"]

1. e4 c5 2. Nf3 d6 3. d4 cxd4 4. Nxd4 Nf6 5. Nc3 a6 6. Be3 e6 7. f3 b5 8. Qd2 Nbd7 9. g4 Nb6 10. a3 Bb7 11. 0-0-0 Be7 12. h4 Nfd7 13. g5 Ne5 14. Kb1 Nbc4 15. Qe1 Nxe3 16. Qxe3 Rc8 17. f4 Nc4 18. Bxc4 Rxc4 19. f5 Qb6 20. fxe6 fxe6 21. b3 Rc8 22. Qh3 Qc5 23. Rd3 Qe5 24. Nf3 Qxc3 25. Rxc3 Rxc3 26. Kb2 Re3 27. Re1 Rxe1 28. Nxe1 Bc8 29. Qc3 0-0 30. Qc7 Re8 31. e5 dxe5 32. Nf3 e4 33. Ne5 e3 34. Kc3 Kh8 35. Kd3 Bxa3 36. Kxe3 Be7 37. Ke4 b4 38. Kd4 a5 39. Nc6 e5+ 40. Ke4 Bc5 41. Nxe5 Be7 42. Kf4 Be6 43. Kg3 Bf8 44. h5 Rc8 45. Qb6 Bd5 46. Qxa5 Bg8 47. Qb6 Bc5 48. Qb7 Be6 49. h6 gxh6 50. g6 hxg6 51. Nxg6+ Kg8 52. Ne7+ Bxe7 53. Qxe7 Bf7 54. Qxb4 Rxc2 55. Qb8+ Kg7 56. Qe5+ Kf8 57. b4 Rc6 58. b5 Rg6+ 59. Kf4 Be8 60. b6 Bc6 61. Qb8+ Kg7 62. Qc7+ Kh8 63. Qf7 Rg7 64. Qf6 Bb7 65. Qxh6+ Kg8 66. Ke5 Bg2 67. Qe6+ Kh7 68. Qf5+ Kg8 69. Qc8+ Kh7 70. Qe8 Bb7 71. Kf6 Bg2 72. Qf8 Rg6+ 73. Kf5 Rg7 74. Kf6 Rg6+ 75. Kf7 Bb7 1/2-1/2

[Event "Dortmund Helmut Kohl"]
[Site "Dortmund"]
[Date "2013.08.02"]
[Round "7"]
[White "Savchenko, Viacheslav"]
[Black "Wagner, Dennis"]
[Result "0-1"]
[WhiteElo "2412"]
[BlackElo "2465"]
[PlyCount "128"]
[EventDate "2013.07.27"]
[EventType "tourn"]
[EventRounds "9"]
[EventCountry "GER"]
[EventCategory "9"]
[SourceTitle "CBM 155 Extra"]
[Source "ChessBase"]
[SourceDate "2013.08.26"]
[SourceVersion "1"]
[SourceVersionDate "2013.08.26"]
[SourceQuality "1"]

1. e4 e5 2. Nf3 Nc6 3. Bb5 a6 4. Ba4 Nf6 5. d3 d6 6. c4 g6 7. Nc3 Bg7 8. Nd5 Bd7 9. Bg5 h6 10. Be3 Nxd5 11. cxd5 Nd4 12. Bxd7+ Qxd7 13. Rc1 c5 14. dxc6 Nxf3+ 15. Qxf3 bxc6 16. Qg3 h5 17. h3 c5 18. 0-0 0-0 19. Rc4 a5 20. Bd2 a4 21. Bc3 Bh6 22. f4 Bxf4 23. Rxf4 exf4 24. Qg5 Kh7 25. Bf6 Ra6 26. Rc1 d5 27. Qxf4 dxe4 28. dxe4 Qe6 29. Bc3 Re8 30. Rf1 Ra7 31. Qg5 Qxe4 32. Qxc5 Rae7 33. Kh2 Rd7 34. Qg5 Re6 35. a3 Qe3 36. Qb5 Ra7 37. Rf3 Qb6 38. Qxb6 Rxb6 39. Bd4 Rbb7 40. Bxa7 Rxa7 41. Rf4 Kg7 42. Kg3 Rb7 43. Rf2 g5 44. Kf3 f5 45. Ke3 Kf6 46. Kd4 f4 47. Rc2 Rd7+ 48. Ke4 Re7+ 49. Kd4 Rd7+ 50. Ke4 Re7+ 51. Kd4 g4 52. Rc5 f3 53. gxf3 g3 54. h4 Rg7 55. Rc1 Kf5 56. Kd3 g2 57. Rg1 Kf4 58. Ke2 Kg3 59. f4 Re7+ 60. Kd3 Kf2 61. Rc1 Re1 62. Rc2+ Kf3 63. Rxg2 Kxg2 64. b4 Kg3 0-1

[Event "Dortmund Helmut Kohl"]
[Site "Dortmund"]
[Date "2013.07.30"]
[Round "4"]
[White "Savchenko, Viacheslav"]
[Black "Poetsch, Hagen"]
[Result "1-0"]
[WhiteElo "2412"]
[BlackElo "2442"]
[PlyCount "93"]
[EventDate "2013.07.27"]
[EventType "tourn"]
[EventRounds "9"]
[EventCountry "GER"]
[EventCategory "9"]
[SourceTitle "CBM 155 Extra"]
[Source "ChessBase"]
[SourceDate "2013.08.26"]
[SourceVersion "1"]
[SourceVersionDate "2013.08.26"]
[SourceQuality "1"]

1. e4 c5 2. Nf3 d6 3. d4 cxd4 4. Nxd4 Nf6 5. Nc3 a6 6. Be2 g6 7. g4 h6 8. Rg1 Bg7 9. Be3 b5 10. Bf3 e5 11. Nb3 Bb7 12. Qd2 Qc7 13. 0-0-0 Bf8 14. h4 Nbd7 15. g5 b4 16. Nd5 Nxd5 17. exd5 hxg5 18. Bxg5 a5 19. Rde1 f6 20. Qd3 0-0-0 21. Be3 Rxh4 22. Qb5 Bh6 23. Nxa5 Qb6 24. Nxb7 Qxb7 25. Qxb7+ Kxb7 26. Rxg6 Bxe3+ 27. Rxe3 Rf4 28. Rg4 Rxg4 29. Bxg4 Nc5 30. c3 bxc3 31. b4 Na4 32. Bd1 Nb6 33. Bb3 f5 34. Rh3 Rg8 35. Kc2 Rg2 36. Rf3 f4 37. Kxc3 Nd7 38. Kc4 Nf6 39. Ba4 Ne4 40. Bc6+ Kb6 41. Rh3 Rg1 42. a4 Rc1+ 43. Kb3 Rb1+ 44. Ka3 Nxf2 45. Rh7 Nd3 46. a5+ Ka6 47. Rh8 1-0

[Event "Dortmund Helmut Kohl"]
[Site "Dortmund"]
[Date "2013.07.29"]
[Round "3"]
[White "Bluebaum, Matthias"]
[Black "Savchenko, Viacheslav"]
[Result "1/2-1/2"]
[WhiteElo "2513"]
[BlackElo "2412"]
[PlyCount "95"]
[EventDate "2013.07.27"]
[EventType "tourn"]
[EventRounds "9"]
[EventCountry "GER"]
[EventCategory "9"]
[SourceTitle "CBM 155 Extra"]
[Source "ChessBase"]
[SourceDate "2013.08.26"]
[SourceVersion "1"]
[SourceVersionDate "2013.08.26"]
[SourceQuality "1"]

1. d4 Nf6 2. c4 e6 3. Nf3 d5 4. g3 Bb4+ 5. Bd2 Be7 6. Bg2 c6 7. Qc2 0-0 8. 0-0 Nbd7 9. Rd1 b6 10. b3 Bb7 11. Nc3 Rc8 12. e4 h6 13. Bf4 Bb4 14. e5 Nh7 15. a3 Be7 16. h4 Kh8 17. Bf1 f5 18. exf6 Rxf6 19. Ne5 Nhf8 20. Qd2 Ng6 21. Nxg6+ Rxg6 22. h5 Rf6 23. Bh3 Qg8 24. Re1 g5 25. hxg6 Qxg6 26. Qe3 Rcf8 27. Kf1 c5 28. Nxd5 exd5 29. Bxd7 Bd6 30. Bxd6 Rxf2+ 31. Kg1 Qxd6 32. Be6 Kg7 33. dxc5 bxc5 34. Bxd5 Bxd5 35. cxd5 Qxd5 36. Qe5+ Qxe5 37. Rxe5 R2f3 38. Kg2 Rxb3 39. Rxc5 Rff3 40. Rc7+ Kf6 41. Rxa7 Rxg3+ 42. Kf2 h5 43. Rh1 Rgc3 44. Re1 Rxa3 45. Rxa3 Rxa3 46. Kg2 Kf5 47. Rb1 Ra4 48. Kg3 1/2-1/2

[Event "Dortmund Helmut Kohl"]
[Site "Dortmund"]
[Date "2013.07.27"]
[Round "9"]
[White "Savchenko, Viacheslav"]
[Black "Hoffmann, Michael"]
[Result "1/2-1/2"]
[WhiteElo "2412"]
[BlackElo "2462"]
[PlyCount "40"]
[EventDate "2013.07.27"]
[EventType "tourn"]
[EventRounds "9"]
[EventCountry "GER"]
[EventCategory "9"]
[SourceTitle "CBM 155 Extra"]
[Source "ChessBase"]
[SourceDate "2013.08.26"]
[SourceVersion "1"]
[SourceVersionDate "2013.08.26"]
[SourceQuality "1"]

1. e4 c5 2. Nf3 d6 3. d4 cxd4 4. Nxd4 Nf6 5. Nc3 Nc6 6. Bg5 Bd7 7. Qd2 Rc8 8. Nxc6 bxc6 9. Bc4 h6 10. Bh4 g5 11. Bg3 Nh5 12. h4 Nxg3 13. fxg3 Bg7 14. hxg5 hxg5 15. Rxh8+ Bxh8 16. Qxg5 e6 17. Qh5 Be5 18. Ke2 Qf6 19. Rf1 Qg7 20. Rf3 Ke7 1/2-1/2

[Event "NRW Class2 1213"]
[Site "Germany"]
[Date "2012.11.18"]
[Round "3.1"]
[White "Ebert, Manuel"]
[Black "Savchenko, Viacheslav"]
[Result "1/2-1/2"]
[WhiteElo "2105"]
[BlackElo "2336"]
[PlyCount "51"]
[EventDate "2012.09.16"]
[EventType "team-tourn"]
[EventRounds "9"]
[EventCountry "GER"]
[SourceTitle "EXT 2017"]
[Source "ChessBase"]
[SourceDate "2016.10.25"]
[SourceVersion "1"]
[SourceVersionDate "2016.10.25"]
[SourceQuality "1"]
[WhiteTeam "Guetersloh"]
[BlackTeam "Gerresheim"]
[WhiteTeamCountry "GER"]
[BlackTeamCountry "GER"]

1. e4 c5 2. Nf3 d6 3. d4 cxd4 4. Nxd4 Nf6 5. Nc3 e6 6. Bc4 Nc6 7. Be3 Be7 8. Bb3 0-0 9. Qe2 a6 10. 0-0-0 Qc7 11. f4 Nxd4 12. Rxd4 b5 13. f5 Rb8 14. fxe6 Bxe6 15. Bf4 b4 16. Nd5 Nxd5 17. exd5 Bc8 18. Re1 Bf6 19. Rc4 Qd8 20. Rc6 Bg5 21. Qd2 Bxf4 22. Qxf4 Rb6 23. Qd4 Rb8 24. Qf4 Rb6 25. Qd4 Rb8 26. Qf4 1/2-1/2

[Event "Oberliga NRW 1112"]
[Site "Germany"]
[Date "2012.04.29"]
[Round "9.2"]
[White "Bitalzadeh, Ali"]
[Black "Savchenko, Viacheslav"]
[Result "1-0"]
[WhiteElo "2395"]
[BlackElo "2368"]
[PlyCount "63"]
[EventDate "2011.09.18"]
[EventType "team-tourn"]
[EventRounds "9"]
[EventCountry "GER"]
[SourceTitle "EXT 2015"]
[Source "ChessBase"]
[SourceDate "2014.11.20"]
[SourceVersion "1"]
[SourceVersionDate "2014.11.20"]
[SourceQuality "1"]
[WhiteTeam "Erkenschwick"]
[BlackTeam "Gerresheim"]
[WhiteTeamCountry "GER"]
[BlackTeamCountry "GER"]

1. Nf3 Nf6 2. g3 d5 3. Bg2 c6 4. 0-0 Bg4 5. c4 e6 6. d3 Nbd7 7. Nc3 Bxf3 8. exf3 Bb4 9. Qb3 a5 10. cxd5 Nc5 11. Qc2 Nxd5 12. f4 a4 13. d4 Nd7 14. f5 Qf6 15. fxe6 fxe6 16. Ne4 Qf5 17. Qe2 h6 18. Bd2 Be7 19. Nc3 Nxc3 20. bxc3 0-0 21. Rab1 Ra7 22. Rfe1 Rf6 23. f4 Qa5 24. c4 Qa6 25. Bc3 Nf8 26. d5 Rg6 27. Bd4 c5 28. Ba1 b6 29. Be4 exd5 30. Bxg6 Nxg6 31. Qe6+ Kh7 32. Rxb6 1-0

[Event "Oberliga NRW 1112"]
[Site "Germany"]
[Date "2012.03.04"]
[Round "7.4"]
[White "Kuipers, Stefan"]
[Black "Savchenko, Viacheslav"]
[Result "1-0"]
[WhiteElo "2438"]
[BlackElo "2368"]
[PlyCount "120"]
[EventDate "2011.09.18"]
[EventType "team-tourn"]
[EventRounds "9"]
[EventCountry "GER"]
[SourceTitle "EXT 2015"]
[Source "ChessBase"]
[SourceDate "2014.11.20"]
[SourceVersion "1"]
[SourceVersionDate "2014.11.20"]
[SourceQuality "1"]
[WhiteTeam "Emsdetten Turm II"]
[BlackTeam "Gerresheim"]
[WhiteTeamCountry "GER"]
[BlackTeamCountry "GER"]

1. e4 c5 2. Nf3 e6 3. d4 cxd4 4. Nxd4 a6 5. Bd3 Nf6 6. 0-0 d6 7. c4 g6 8. Nc3 Bg7 9. Nf3 0-0 10. Bf4 Nh5 11. Be3 Nd7 12. Be2 Qc7 13. Qd2 Nc5 14. Rfd1 Nf6 15. Qxd6 Qxd6 16. Rxd6 Ncxe4 17. Nxe4 Nxe4 18. Rb6 a5 19. Rd1 a4 20. Ng5 Nf6 21. Rbd6 h6 22. Nf3 a3 23. bxa3 Rxa3 24. Rd8 Rxa2 25. Rxf8+ Kxf8 26. Rd8+ Ke7 27. Rxc8 Rxe2 28. Rc7+ Nd7 29. Rxb7 Kd6 30. Ra7 Rb2 31. g3 Rb1+ 32. Kg2 g5 33. g4 Ra1 34. Rxa1 Bxa1 35. h4 f6 36. Nd2 Be5 37. hxg5 hxg5 38. Ne4+ Kc6 39. Kf3 Bd6 40. Ke2 Bc7 41. f3 Bh2 42. Bd4 e5 43. Bb2 Nf8 44. Nxf6 Ne6 45. Ne4 Bf4 46. Kd3 Kb6 47. Bc3 Kc6 48. Bd2 Bxd2 49. Kxd2 Kb6 50. Kd3 Ka5 51. Kc3 Kb6 52. Nf6 Kc5 53. Kd3 Nf4+ 54. Ke4 Kxc4 55. Nh7 Nh3 56. Kxe5 Kd3 57. Kf5 Ke3 58. Nxg5 Nf2 59. f4 Kd4 60. Nf7 Ne4 1-0

[Event "Dortmund Helmut Kohl"]
[Site "Dortmund"]
[Date "2011.07.28"]
[Round "6"]
[White "Kraemer, Martin"]
[Black "Savchenko, Viacheslav"]
[Result "1-0"]
[WhiteElo "2506"]
[BlackElo "2437"]
[PlyCount "77"]
[EventDate "2011.07.21"]
[EventType "tourn"]
[EventRounds "9"]
[EventCountry "GER"]
[EventCategory "8"]
[SourceTitle "CBM 143 Extra"]
[Source "ChessBase"]
[SourceDate "2011.08.29"]
[SourceVersion "1"]
[SourceVersionDate "2011.08.29"]
[SourceQuality "1"]

1. d4 d5 2. c4 dxc4 3. Nf3 Nf6 4. e3 e6 5. Bxc4 a6 6. 0-0 c5 7. Bb3 Be7 8. Qe2 Nc6 9. Rd1 0-0 10. Nc3 cxd4 11. exd4 Nd5 12. Ne4 Bd7 13. Bg5 Rc8 14. h4 Na5 15. Bxd5 Bb5 16. Qe1 exd5 17. Nd6 Bxg5 18. Nxc8 Re8 19. Qc3 Bf4 20. Re1 Re6 21. Ne7+ Qxe7 22. Rxe6 fxe6 23. Qxa5 Qf6 24. Qc3 h6 25. Re1 Bc6 26. Ne5 Qxh4 27. Nxc6 Qh2+ 28. Kf1 bxc6 29. Qxc6 Qh1+ 30. Ke2 Qh5+ 31. Kf1 Qh1+ 32. Ke2 Qh5+ 33. Kd3 Qf5+ 34. Kc3 Kf7 35. Qd7+ Kf6 36. g3 Bd2+ 37. Kxd2 Qxf2+ 38. Kd1 Qxd4+ 39. Kc1 1-0

[Event "Dortmund Helmut Kohl"]
[Site "Dortmund"]
[Date "2011.07.21"]
[Round "1"]
[White "Kotainy, Jens"]
[Black "Savchenko, Viacheslav"]
[Result "1/2-1/2"]
[WhiteElo "2433"]
[BlackElo "2437"]
[PlyCount "61"]
[EventDate "2011.07.21"]
[EventType "tourn"]
[EventRounds "9"]
[EventCountry "GER"]
[EventCategory "8"]
[SourceTitle "CBM 143 Extra"]
[Source "ChessBase"]
[SourceDate "2011.08.29"]
[SourceVersion "1"]
[SourceVersionDate "2011.08.29"]
[SourceQuality "1"]

1. e4 c5 2. Nf3 e6 3. d4 cxd4 4. Nxd4 Nf6 5. Nc3 d6 6. g4 h6 7. h4 Nc6 8. Nxc6 bxc6 9. Qf3 Qb6 10. g5 hxg5 11. hxg5 Rxh1 12. Qxh1 Ng4 13. Qg2 Ne5 14. f4 Ng6 15. Qf2 Be7 16. Qxb6 axb6 17. Bg2 Bd7 18. Be3 b5 19. Ne2 f6 20. gxf6 Bxf6 21. c3 Nh4 22. Bh1 e5 23. f5 g6 24. fxg6 Nxg6 25. Kd2 Ke7 26. Rg1 Nf4 27. a3 Nxe2 28. Kxe2 Rh8 29. Bf3 Be6 30. Rh1 Rxh1 31. Bxh1 1/2-1/2

[Event "BL2-West 1011"]
[Site "Germany"]
[Date "2011.04.10"]
[Round "9.3"]
[White "Ginsburg, Gennadij"]
[Black "Savchenko, Viacheslav"]
[Result "1/2-1/2"]
[WhiteElo "2526"]
[BlackElo "2430"]
[PlyCount "138"]
[EventDate "2010.10.10"]
[EventType "team-tourn"]
[EventRounds "9"]
[EventCountry "GER"]
[SourceTitle "EXT 2012"]
[Source "ChessBase"]
[SourceDate "2011.11.24"]
[SourceVersion "1"]
[SourceVersionDate "2011.11.24"]
[SourceQuality "1"]
[WhiteTeam "Hofheim"]
[BlackTeam "Gerresheim"]
[WhiteTeamCountry "GER"]
[BlackTeamCountry "GER"]

1. e4 c5 2. Nf3 e6 3. d4 cxd4 4. Nxd4 Nf6 5. Nc3 d6 6. g4 h6 7. Bg2 a6 8. h3 g5 9. Be3 Nbd7 10. Qe2 Ne5 11. 0-0-0 Bd7 12. f4 gxf4 13. Bxf4 Rc8 14. Qe1 b5 15. Kb1 Qc7 16. Rf1 Be7 17. Bc1 b4 18. Nce2 a5 19. Nf4 Rg8 20. Rf2 Qb6 21. b3 a4 22. Bb2 Qa5 23. Nd3 axb3 24. Nxb3 Qc7 25. Qxb4 Ra8 26. Nxe5 dxe5 27. Qd2 Rg6 28. Qe3 Bc6 29. Qc3 Nd7 30. Rdf1 Rg7 31. Qd3 Bg5 32. Qc3 Qa7 33. a3 Bb5 34. Qf3 Be7 35. Rd1 Bxa3 36. Bxa3 Qxa3 37. Qc3 Ba4 38. Bf1 Bxb3 39. cxb3 Nc5 40. Bb5+ Kf8 41. Rb2 Nxe4 42. Qc6 f5 43. Ba4 Rb8 44. gxf5 Qb4 45. Rc2 exf5 46. Qxh6 Kg8 47. Qe6+ Kh8 48. Qxe5 Kg8 49. Qe6+ Kh8 50. Qe5 Kg8 51. Rc4 Qf8 52. Qe6+ Kh7 53. Rc6 Rb4 54. Qh6+ Kg8 55. Qe6+ Kh7 56. Rc8 Qf7 57. Qxf7 Rxf7 58. Kc2 f4 59. Be8 Re7 60. Bc6 Ng5 61. Rd5 Nf7 62. Kc3 Rb6 63. b4 Re3+ 64. Rd3 Rxc6+ 65. Rxc6 Rxd3+ 66. Kxd3 Ne5+ 67. Ke4 Nxc6 68. b5 Na5 69. Kxf4 Kg6 1/2-1/2

[Event "BL2-West 1011"]
[Site "Germany"]
[Date "2010.11.14"]
[Round "3.3"]
[White "Savchenko, Viacheslav"]
[Black "Telljohann, Sven"]
[Result "1/2-1/2"]
[WhiteElo "2430"]
[BlackElo "2403"]
[PlyCount "106"]
[EventDate "2010.10.10"]
[EventType "team-tourn"]
[EventRounds "9"]
[EventCountry "GER"]
[SourceTitle "EXT 2012"]
[Source "ChessBase"]
[SourceDate "2011.11.24"]
[SourceVersion "1"]
[SourceVersionDate "2011.11.24"]
[SourceQuality "1"]
[WhiteTeam "Gerresheim"]
[BlackTeam "Schoeneck"]
[WhiteTeamCountry "GER"]
[BlackTeamCountry "GER"]

1. e4 e6 2. d4 d5 3. Nd2 dxe4 4. Nxe4 Bd7 5. Nf3 Bc6 6. Bd3 Nd7 7. Qe2 Ngf6 8. 0-0 Nxe4 9. Bxe4 Bxe4 10. Qxe4 c6 11. c4 Be7 12. Qg4 0-0 13. Bh6 Bf6 14. Rad1 Re8 15. Ne5 Nf8 16. Qg3 Ng6 17. Bf4 Nxf4 18. Qxf4 Qc7 19. Rd3 Rad8 20. Rg3 Bxe5 21. dxe5 Qe7 22. Qh6 Qf8 23. Qe3 c5 24. Qe4 Qe7 25. Qg4 g6 26. Rd1 Qg5 27. h3 Qxe5 28. b3 Qf6 29. Rgd3 Rxd3 30. Rxd3 Rd8 31. Rxd8+ Qxd8 32. Qe4 Qd7 33. Qe5 b6 34. g3 h5 35. h4 Qe7 36. Kg2 f6 37. Qe4 Kg7 38. Qc6 e5 39. Qd5 f5 40. Qc6 Kh6 41. Qa8 Kh7 42. Qd5 Kg7 43. Qc6 f4 44. Qe4 fxg3 45. f3 Qf6 46. Qb7+ Kh6 47. Qa8 g5 48. hxg5+ Kxg5 49. Kxg3 h4+ 50. Kf2 Kh6 51. Ke2 Qg7 52. Qc8 Qg2+ 53. Ke3 Qg5+ 1/2-1/2

[Event "BL2-West 0910"]
[Site "Germany"]
[Date "2010.02.28"]
[Round "7.1"]
[White "Berg, Emanuel"]
[Black "Savchenko, Viacheslav"]
[Result "1-0"]
[WhiteElo "2616"]
[BlackElo "2414"]
[PlyCount "101"]
[EventDate "2009.10.18"]
[EventType "team-tourn"]
[EventRounds "9"]
[EventCountry "GER"]
[SourceTitle "EXT 2011"]
[Source "ChessBase"]
[SourceDate "2010.11.26"]
[SourceVersion "1"]
[SourceVersionDate "2010.11.26"]
[SourceQuality "1"]
[WhiteTeam "Dortmund Hansa"]
[BlackTeam "Gerresheim"]
[WhiteTeamCountry "GER"]
[BlackTeamCountry "GER"]

1. e4 c5 2. Nf3 d6 3. d4 cxd4 4. Nxd4 Nf6 5. Nc3 Nc6 6. Bg5 e6 7. Qd2 Be7 8. 0-0-0 Qb6 9. Ndb5 0-0 10. f3 Rd8 11. Kb1 Rd7 12. h4 a6 13. Be3 Qd8 14. Nd4 Nxd4 15. Bxd4 b5 16. g4 Rb7 17. Bd3 b4 18. Ne2 e5 19. Be3 a5 20. h5 Be6 21. g5 Ne8 22. f4 Qc7 23. f5 Bc4 24. f6 Bf8 25. h6 g6 26. Bxc4 Qxc4 27. Qd3 Qc6 28. c4 bxc3 29. Nxc3 Rab8 30. Rh2 a4 31. Nd5 Rb5 32. Rc2 Qb7 33. Qe2 Qd7 34. Rd3 R8b7 35. Rdc3 Rb8 36. Rc4 R5b7 37. Qd3 Rb5 38. Bc1 Ra8 39. R2c3 Qa7 40. Ra3 Qg1 41. Raxa4 Rab8 42. b3 Qe1 43. Kb2 R5b7 44. Rc2 Qg1 45. Qf3 Qe1 46. Be3 Qh4 47. Rac4 Qe1 48. R4c3 Qh4 49. Rc1 Rb4 50. Nxb4 Rxb4 51. Rc8 1-0

[Event "BL2-West 0910"]
[Site "Germany"]
[Date "2010.01.24"]
[Round "5.3"]
[White "Savchenko, Viacheslav"]
[Black "Tereick, Benjamin"]
[Result "1/2-1/2"]
[WhiteElo "2414"]
[BlackElo "2377"]
[PlyCount "30"]
[EventDate "2009.10.18"]
[EventType "team-tourn"]
[EventRounds "9"]
[EventCountry "GER"]
[SourceTitle "EXT 2011"]
[Source "ChessBase"]
[SourceDate "2010.11.26"]
[SourceVersion "1"]
[SourceVersionDate "2010.11.26"]
[SourceQuality "1"]
[WhiteTeam "Gerresheim"]
[BlackTeam "Wattenscheid"]
[WhiteTeamCountry "GER"]
[BlackTeamCountry "GER"]

1. d4 e6 2. Nf3 d5 3. e3 c5 4. c4 a6 5. Nc3 Nf6 6. cxd5 exd5 7. dxc5 Bxc5 8. Be2 Nc6 9. 0-0 0-0 10. b3 d4 11. Na4 Ba7 12. exd4 Nxd4 13. Nxd4 Bxd4 14. Bb2 Bxb2 15. Nxb2 Be6 1/2-1/2